000 00526nam a22001817a 4500
005 20170703103856.0
010 _aENG-118521
020 _a8189297996
_c450.00
035 _aEN-102053
037 _bDBAD/PUB
082 _a921
100 _aFrank, Anne
245 _aThe diary of a young girl/
_c by Anne Frank
260 _aNew Delhi
_bFarsight Publishers and Distributors
_c2015
270 _aS-16,Naveen Shahdara
_bDelhi
_e110032
300 _axvi,255 :
_c22cm(Hb)
_bill.
942 _2ddc
_cEN
_mFRA
_h921
999 _c140812
_d140812